NHL Defensemen with the Most Points in a Season - Statistics

General Stats
  • This quiz has been taken 338 times
    44 since last reset
  • The average score is 36 of 59
Answer Stats
# Season Player % Correct
139 1970-71 Bobby Orr
97%
135 1974-75 Bobby Orr
97%
122 1973-74 Bobby Orr
97%
120 1969-70 Bobby Orr
97%
117 1971-72 Bobby Orr
97%
101 1972-73 Bobby Orr
97%
92 2024-25 Cale Makar
90%
90 2023-24 Cale Makar
90%
86 2021-22 Cale Makar
90%
138 1985-86 Paul Coffey
81%
126 1983-84 Paul Coffey
81%
121 1984-85 Paul Coffey
81%
113 1988-89 Paul Coffey
81%
103 1989-90 Paul Coffey
81%
96 1982-83 Paul Coffey
81%
93 1990-91 Paul Coffey
81%
89 1981-82 Paul Coffey
81%
87 1992-93 Paul Coffey
81%
101 2022-23 Erik Karlsson
77%
82 2015-16 Erik Karlsson
77%
92 2023-24 Quinn Hughes
71%
102 1991-92 Brian Leetch
65%
88 1990-91 Brian Leetch
65%
85 1995-96 Brian Leetch
65%
82 2023-24 Evan Bouchard
65%
96 1983-84 Ray Bourque
58%
95 1986-87 Ray Bourque
58%
94 1990-91 Ray Bourque
58%
91 1993-94 Ray Bourque
58%
86 1984-85 Ray Bourque
58%
84 1989-90 Ray Bourque
58%
82 1995-96 Ray Bourque
58%
82 1992-93 Ray Bourque
58%
101 1978-79 Denis Potvin
55%
98 1975-76 Denis Potvin
55%
94 1977-78 Denis Potvin
55%
85 1983-84 Denis Potvin
55%
96 2021-22 Roman Josi
55%
85 2023-24 Roman Josi
55%
85 2021-22 Victor Hedman
52%
82 2024-25 Zach Werenski
52%
85 1976-77 Larry Robinson
48%
82 1985-86 Larry Robinson
48%
103 1990-91 Al MacInnis
42%
90 1989-90 Al MacInnis
42%
83 1987-88 Al MacInnis
42%
82 1993-94 Al MacInnis
42%
83 2018-19 Brent Burns
42%
85 1992-93 Larry Murphy
35%
97 1992-93 Phil Housley
35%
86 1991-92 Phil Housley
35%
82 1985-86 Mark Howe
32%
82 1973-74 Brad Park
29%
85 1981-82 Doug Wilson
29%
83 1980-81 Randy Carlyle
23%
89 1993-94 Sergei Zubov
23%
95 2025-26 Evan Bouchard
16%
91 1987-88 Gary Suter
16%
82 1992-93 Steve Duchesne
13%
No matching quizzes found
Score Distribution
Percent of People with Each Score
Percentile by Number Answered
Your Score History
You have not taken this quiz since the last reset